| 000 | 00000nam##2200000za#4500 |
| 001 | 9.648595 |
| 003 | CaOODSP |
| 005 | 20210615113202 |
| 007 | ta |
| 008 | 150407|2002||||xxc||||| f|0| 0 eng|d |
| 020 | |a0-662-32449-8 |
| 040 | |aCaOODSP|beng |
| 043 | |an-cn--- |
| 086 | 1 |aFs77-2/2002E |
| 110 | 1 |aCanada. |bDepartment of Fisheries and Oceans. |
| 245 | 10|aPolicy and operational framework for integrated management of estuarine, coastal and marine environments in Canada |
| 260 | |aOttawa - Ontario : |bFisheries and Oceans Canada |c2002. |
| 300 | |aiv, 36p. : |bglossary, illus. ; |c28 cm. |
| 563 | |aSoftcover |
| 590 | |a02-32|b2002-08-09 |
| 690 | 07|aEstuaries|2gcpds |
| 690 | 07|aOceans|2gcpds |
| 690 | 07|aStrategies|2gcpds |
| 690 | 07|aAquatic ecosystems|2gcpds |
| 690 | 07|aEnvironmental management|2gcpds |
| 775 | 08|tCadre stratégique et opérationnel pour la gestion intégrée des environnements estuariens, côtiers et marins au Canada |w(CaOODSP)9.681872 |
| 776 | 0#|tPolicy and operational framework for integrated management of estuarine, coastal and marine environments in Canada |w(CaOODSP)9.686298 |